Donatello e le sue opere (Registro nro. 167596)

Detalles MARC
000 -LEADER
campo de control de longitud fija 00617nam a22001695i 4500
001 - NÚMERO DE CONTROL
campo de control 167596
003 - IDENTIFICADOR DE NÚMERO DE CONTROL
campo de control ES-MaACL
005 - FECHA Y HORA DE LA ÚLTIMA TRANSACCIÓN
campo de control 20230906213546.0
008 - DATOS DE LONGITUD FIJA--INFORMACIÓN GENERAL
campo de control de longitud fija 050927s1887 it | |||||||| ||ita d
040 ## - FUENTE DE CATALOGACIÓN
Centro catalogador/agencia de origen CAM
Lengua de catalogación spa
Centro/agencia transcriptor CAM
100 1# - ENTRADA PRINCIPAL--NOMBRE DE PERSONA
Nombre de persona Villari, Pasquale.
9 (RLIN) 115122
245 10 - MENCIÓN DEL TÍTULO
Título Donatello e le sue opere
Resto del título : discorso letto nel circolo fiorentino degli artisti la sera del 16 maggio 1887 /
Mención de responsabilidad, etc. da P. Villari.
260 ## - PUBLICACIÓN, DISTRIBUCIÓN, ETC.
Lugar de publicación, distribución, etc. Firenze :
Nombre del editor, distribuidor, etc. Sucessori Le Monnier,
Fecha de publicación, distribución, etc. 1887.
300 ## - DESCRIPCIÓN FÍSICA
Extensión 33 p. ;
Dimensiones 22 cm.
600 14 - PUNTO DE ACCESO ADICIONAL DE MATERIA--NOMBRE DE PERSONA
Nombre de persona Donatello (
Fechas asociadas al nombre ca. 1386-1466)
9 (RLIN) 162112
852 ## - LOCALIZACIÓN
Ubicación ES-MaACL
Número de control de estantería G-2712
Nota libre -- Enc. hol. conservando la cub. original
Existencias
Estatus retirado Estado de pérdida Estado de daño No para préstamo Colección Biblioteca de origen Biblioteca actual Ubicación en estantería Fecha de adquisición Fuente de adquisición Total de préstamos Signatura topográfica completa Código de barras Visto por última vez Precio de reemplazo Tipo de ítem Koha
        Libros del s. XIX Biblioteca del Ateneo de Madrid Biblioteca del Ateneo de Madrid Depósito 2 17/01/2008     G-2712 1175827 23/02/2023 23/02/2023 Libro impreso antiguo